000 00406cam a2200169ua 4500
001 7827
008 160705n II |||gr||||Z||||||eng
040 _aMAIN
041 _aEnglish
100 _aSHEPPARD , C.A.
245 _aGRAMMAR AND COMPOSITION
260 _aHYDERABAD:
_bORIENT LONGMAN,
_c1978.
300 _a124.:
_c18.
653 _aGrammar
700 _aTHOMAS, DAVID REID.,
_eAUTHOR.
942 _cBK
999 _c7811
_d7811